Online
Catalog

Lenguaje y poesía : (Record no. 2609)

MARC details
000 -CABECERA
campo de control de longitud fija 00839cam a2200241 a 4500
001 - NÚMERO DE CONTROL
campo de control 000002775
005 - FECHA Y HORA DE LA ÚLTIMA TRANSACCIÓN
campo de control 20200929150244.0
008 - DATOS DE LONGITUD FIJA--INFORMACIÓN GENERAL
campo de control de longitud fija 790615s1992 sp rb 001 p spa
020 ## - NÚMERO INTERNACIONAL ESTÁNDAR DEL LIBRO
Número Internacional Estándar del Libro 8420612111
040 ## - FUENTE DE LA CATALOGACIÓN
Centro catalogador/agencia de origen DO-SdBNP
Lengua de catalogación spa
Centro/agencia transcriptor BNPHU
082 ## - NÚMERO DE LA CLASIFICACIÓN DECIMAL DEWEY
Número de clasificación 861.5
Número de documento/Ítem G959l
100 1# - ENTRADA PRINCIPAL--NOMBRE DE PERSONA
Nombre de persona Guillén, Jorge,
Fechas asociadas al nombre 1893-
9 (RLIN) 8751
245 10 - MENCIÓN DE TÍTULO
Título Lenguaje y poesía :
Resto del título algunos casos españoles /
Mención de responsabilidad, etc. Jorge Guillén.
260 ## - PUBLICACIÓN, DISTRIBUCIÓN, ETC.
Lugar de publicación, distribución, etc. Madrid :
Nombre del editor, distribuidor, etc. Alianza,
Fecha de publicación, distribución, etc. 1992.
300 ## - DESCRIPCIÓN FÍSICA
Extensión 207 p. ;
Dimensiones 17 cm.
490 1# - MENCIÓN DE SERIE
Mención de serie El Libro de bolsillo
490 1# - MENCIÓN DE SERIE
Mención de serie Literatura
Designación de volumen o secuencia 211
500 ## - NOTA GENERAL
Nota general La primera edición de esta obra fue publicada con el título: Language and Poetry.
504 ## - NOTA DE BIBLIOGRAFÍA, ETC.
Nota de bibliografía, etc. Incluye referencias bibliográficas.
650 #4 - PUNTO DE ACCESO ADICIONAL DE MATERIA--TÉRMINO DE MATERIA
Término de materia o nombre geográfico como elemento de entrada Poesía española
Subdivisión general Historia y crítica
9 (RLIN) 8687
650 #4 - PUNTO DE ACCESO ADICIONAL DE MATERIA--TÉRMINO DE MATERIA
Término de materia o nombre geográfico como elemento de entrada Literatura española
9 (RLIN) 632
830 #3 - PUNTO DE ACCESO ADICIONAL DE SERIE-TÍTULO UNIFORME
Título uniforme El libro de bolsillo,
Nombre de parte o sección de la obra Literatura
Número de parte o sección de la obra 211
9 (RLIN) 8752
Holdings
Estado de retiro Estado de pérdida Restricciones de uso No para préstamo Código de colección Localización permanente Ubicación/localización actual Ubicación en estantería Fecha de adquisición Número de inventario Total de préstamos Signatura topográfica completa Código de barras Fecha visto por última vez Precio válido a partir de Tipo de ítem Koha Número de copia
      Excluido de préstamo Monografías: Libros y Folletos General General Depósito 03.07.2009 LF1   861.5 G959l 2775-10 25.06.2020 25.06.2020 No se presta  
      Excluido de préstamo Monografías: Libros y Folletos General General Depósito 04.07.2009 LF1   861.5 G959l 2775-20 25.06.2020 25.06.2020 No se presta e.2
        Monografías: Libros y Folletos General General Depósito 15.07.2009 LF1   861.5 G959l 2775-30 25.06.2020 25.06.2020 Préstamo en sala e.3

Powered by Koha